000 00766nam a2200205Ia 4500
003 GCL
008 140319s9999 xx 000 0 ara d
020 _a2796033977
040 _aGCL /
_cGCL
082 0 4 _a346.048
_bا ا
100 1 _aالسيد احمد عبد الخالق
245 1 0 _aالاقتصاد السياسى لحماية حقوق الملكية الفكرية فى ظل اتفاق التربس /
_cالسيد احمد عبد الخالق
260 _aالقاهرة :
_bالمكتبة المصرية ،
_c2005
300 _a270 ص ؛
_c28 سم
650 0 4 _aحقوق التأليف والنشر
650 0 4 _aحق الملكية
650 0 4 _aالمؤلفون والناشرون
650 0 4 _aالملكية الفكرية
942 _2ddc
_cBK
999 _c58015
_d58015